Countries Most Similar To Suriname - Statistics

General Stats
  • This quiz has been taken 74 times
  • The average score is 13 of 20
Answer Stats
Rank Country Score % Correct
7 Brazil 63.7
95%
1 Guyana 76.7
95%
12 Venezuela 62.1
93%
9 Colombia 63.2
85%
2 Trinidad and Tobago 70.3
85%
8 Ecuador 63.4
76%
13 Peru 62
76%
6 Jamaica 63.8
73%
5 Panama 64
73%
3 Belize 66.1
71%
4 Dominican Republic 64
71%
17 Costa Rica 61.2
62%
16 Honduras 61.3
62%
18 El Salvador 61.1
60%
14 Nicaragua 61.9
55%
10 Bahamas 63.1
53%
15 Mauritius 61.9
25%
19 Fiji 60.6
24%
11 Gabon 62.5
13%
20 Liberia 60.4
9%
No matching quizzes found
Score Distribution
Percent of People with Each Score
Percentile by Number Answered
Your Score History
You have not taken this quiz